| 000 | 00526nam a2200181 4500 | ||
|---|---|---|---|
| 003 | OSt | ||
| 005 | 20260530115321.0 | ||
| 008 | 260514b2000 |||a|||| |||| 001 0 spa d | ||
| 040 |
_aICI _bspa _cICI _erda |
||
| 050 |
_aNA2543 _b.S27 |
||
| 100 |
_aSaslavsky Absatz, Ricardo _eautor _934406 |
||
| 245 | 1 |
_aEnlace _bArquitectura y diseño |
|
| 264 |
_aMéxico _bEnlace Arquitectura y Diseño S.A de C.V. _c2000 |
||
| 336 |
_2rdacontent _atexto |
||
| 337 |
_2rdamedia _asin medio |
||
| 338 |
_2rdacarrier _avolumen |
||
| 942 |
_2lcc _n1 _cBK |
||
| 999 |
_c13780 _d13780 |
||